| 000 | 00465cam a2200169ua 4500 | ||
|---|---|---|---|
| 041 |
_aeng _h |
||
| 082 |
_a631.372 _bBRO/TR |
||
| 100 | _aBrown, Arlen D . | ||
| 245 |
_aTractors and small engine maintenance / _cArlen D Brown. _hTextual Documents |
||
| 250 |
_a1 / _b. |
||
| 260 |
_aDanville : _bThe Interstate Printers and Publishers, INC , _c1973. |
||
| 300 | _a381 ; . | ||
| 504 | _a | ||
| 700 | 1 | _aStrickland, Mack R . | |
| 942 | _cBK | ||
| 999 |
_c5448 _d5448 |
||